000
00353nam a2200157Ia 4500
003
OSt
005
20240207144434.0
008
170619s9999 xx 000 0 und d
020
_a
8176710482
040
_c
IIMT ENGINEERING COLLEGE
100
_a
SRINATH
245
0
_a
RELIABILITY ENGINEERING
260
_b
EWP
546
_a
ENGLISH
942
_2
ddc
_c
01
999
_c
19420
_d
19420